International relations and world politics (Record no. 16951)
[ view plain ]
| 000 -LEADER | |
|---|---|
| fixed length control field | 00313nam a22001097a 4500 |
| 008 - FIXED-LENGTH DATA ELEMENTS--GENERAL INFORMATION | |
| fixed length control field | 140211t xxu||||| |||| 00| 0 eng d |
| 100 ## - MAIN ENTRY--PERSONAL NAME | |
| Personal name | Paul R. viotti |
| 9 (RLIN) | 692 |
| 245 ## - TITLE STATEMENT | |
| Title | International relations and world politics |
| Remainder of title | security - economy - identity |
| 250 ## - EDITION STATEMENT | |
| Edition statement | third edition |
| 300 ## - PHYSICAL DESCRIPTION | |
| Extent | xv, 580 p. : |
| 942 ## - ADDED ENTRY ELEMENTS (KOHA) | |
| Source of classification or shelving scheme | |
| Koha item type | Book |
| Withdrawn status | Lost status | Source of classification or shelving scheme | Damaged status | Not for loan | Collection code | Permanent Location | Current Location | Date acquired | Total Checkouts | Full call number | Barcode | Date last seen | Price effective from | Koha item type |
|---|---|---|---|---|---|---|---|---|---|---|---|---|---|---|
| Atta-ur-Rahman School of Applied Biosciences (ASAB) | Atta-ur-Rahman School of Applied Biosciences (ASAB) | 02/11/2014 | 327.10 VIO | ASAB436 | 02/11/2014 | 02/11/2014 | Book | |||||||
| Atta-ur-Rahman School of Applied Biosciences (ASAB) | Atta-ur-Rahman School of Applied Biosciences (ASAB) | 02/11/2014 | 327.10 VIO | ASAB435 | 01/25/2016 | 02/11/2014 | Book |
